[Event "ESP-ch U18"]
[Site "Salobrena"]
[Date "2021.07.26"]
[Round "1"]
[White "Lagunas Gualda, Guillermo"]
[Black "Costa Iniesta, Prudencio"]
[Result "0-1"]
[WhiteElo "2119"]
[BlackElo "1692"]
[PlyCount "56"]
[EventDate "2021.07.26"]
[EventType "swiss"]
[EventRounds "9"]
[EventCountry "ESP"]
[SourceTitle "CBM 203 Extra"]
[Source "ChessBase"]
[SourceDate "2021.09.30"]
[SourceVersion "1"]
[SourceVersionDate "2021.09.30"]
[SourceQuality "1"]

1. Nf3 Nf6 2. g3 g6 3. b3 Bg7 4. Bb2 d6 5. d4 Nbd7 6. Bg2 0-0 7. 0-0 c5 8. c4 Rb8 9. Nc3 a6 10. Qd2 b5 11. cxb5 axb5 12. dxc5 dxc5 13. Rad1 c4 14. Ne5 b4 15. Nc6 bxc3 16. Bxc3 Qb6 17. Nxb8 Qxb8 18. bxc4 Qc7 19. Rc1 Bb7 20. Ba5 Qc8 21. Bxb7 Qxb7 22. c5 Rc8 23. Bb6 Rc6 24. Rfd1 h5 25. a4 Nxb6 26. Qd8+ Kh7 27. cxb6 Qxb6 28. Qxe7 Ng4 0-1

[Event "ESP-ch U18"]
[Site "Salobrena"]
[Date "2020.08.22"]
[Round "9"]
[White "Guillo Longares, Cecilia"]
[Black "Lagunas Gualda, Guillermo"]
[Result "1-0"]
[WhiteElo "2134"]
[BlackElo "2003"]
[PlyCount "181"]
[EventDate "2020.08.17"]
[EventType "swiss"]
[EventRounds "9"]
[EventCountry "ESP"]
[SourceTitle "CBM 197 Extra"]
[Source "ChessBase"]
[SourceDate "2020.09.30"]
[SourceVersion "1"]
[SourceVersionDate "2020.09.30"]
[SourceQuality "1"]

1. d4 b5 2. Nf3 Nf6 3. g3 g6 4. Bg2 Bg7 5. 0-0 0-0 6. Ne5 c6 7. c4 bxc4 8. Nxc4 Qc7 9. Bf4 d6 10. Nc3 Ba6 11. Qa4 Nh5 12. Be3 Bxc4 13. Qxc4 Rc8 14. Rac1 Qd7 15. Nd5 e6 16. Nb4 d5 17. Qc2 a5 18. Nd3 Nf6 19. Qa4 Qb7 20. Rc3 Nfd7 21. Rfc1 Nb6 22. Qc2 Nc4 23. Rb3 Qa7 24. Nc5 Nb6 25. Rc3 Nc4 26. Rxc4 dxc4 27. Qxc4 Na6 28. Ne4 Qd7 29. b3 Nb4 30. Nc5 Qe8 31. a3 Nd5 32. Bd2 Nb6 33. Qc2 Bxd4 34. e3 Bg7 35. Nb7 Qe7 36. Nxa5 Qxa3 37. Nxc6 Nd5 38. Bxd5 exd5 39. Bb4 Qxb4 40. Nxb4 Rxc2 41. Rxc2 Rb8 42. Nxd5 Rxb3 43. Rc8+ Bf8 44. h4 h5 45. Rc7 Rb1+ 46. Kg2 Rb2 47. Nf6+ Kg7 48. Ne4 Kg8 49. Ng5 f6 50. Nh3 Rb6 51. e4 Rb2 52. Nf4 Bd6 53. Rc8+ Kf7 54. Nd5 Rb7 55. Rc6 Be5 56. f4 Ba1 57. Ra6 Bd4 58. Ra2 Rb1 59. Rd2 Rb2 60. Rxb2 Bxb2 61. Kf3 Bd4 62. f5 gxf5 63. exf5 Kg7 64. Nf4 Kh6 65. Ne6 Be5 66. Nd8 Bc7 67. Ne6 Be5 68. Nc5 Bc7 69. Nd7 Kg7 70. g4 hxg4+ 71. Kxg4 Ba5 72. h5 Bd2 73. Nc5 Bc1 74. Ne4 Bb2 75. Nf2 Kh6 76. Kh4 Kg7 77. Ng4 Bc1 78. Kg3 Bb2 79. Kf4 Ba1 80. Ke4 Bb2 81. Kd5 Kf7 82. Kd6 Bc1 83. h6 Bd2 84. h7 Kg7 85. Nxf6 Bc3 86. Nd5 Bb2 87. f6+ Kxh7 88. f7 Ba3+ 89. Kd7 Bf8 90. Ke8 Bh6 91. Ne7 1-0

[Event "ESP-ch U18"]
[Site "Salobrena"]
[Date "2020.08.19"]
[Round "5"]
[White "Amador Garcia, Ismael"]
[Black "Lagunas Gualda, Guillermo"]
[Result "1-0"]
[WhiteElo "2133"]
[BlackElo "2003"]
[PlyCount "75"]
[EventDate "2020.08.17"]
[EventType "swiss"]
[EventRounds "9"]
[EventCountry "ESP"]
[SourceTitle "CBM 197 Extra"]
[Source "ChessBase"]
[SourceDate "2020.09.30"]
[SourceVersion "1"]
[SourceVersionDate "2020.09.30"]
[SourceQuality "1"]

1. e4 g6 2. d4 Bg7 3. Nc3 d6 4. Be3 a6 5. Nf3 b5 6. Qd2 Bb7 7. Bd3 Nd7 8. a4 b4 9. Ne2 a5 10. h3 e6 11. 0-0 Ne7 12. Bh6 0-0 13. Ng3 e5 14. c3 bxc3 15. bxc3 exd4 16. cxd4 d5 17. e5 c5 18. Bb5 Nc6 19. Rac1 Nxd4 20. Nxd4 cxd4 21. Bxg7 Kxg7 22. Qxd4 Kg8 23. Bxd7 Qxd7 24. Ne4 Qe6 25. Nf6+ Kg7 26. Rc3 Ba6 27. Re1 Rac8 28. Qh4 h6 29. Rf3 Rc4 30. Qg3 Rfc8 31. Nh5+ Kh7 32. Rf6 Rc1 33. Rxc1 Rxc1+ 34. Kh2 gxh5 35. Rxe6 fxe6 36. Qf4 Rc6 37. Qf7+ Kh8 38. Qe8+ 1-0

[Event "ESP-ch U18"]
[Site "Salobrena"]
[Date "2020.08.18"]
[Round "3"]
[White "Lagunas Gualda, Guillermo"]
[Black "Martin Barcelo, Carles"]
[Result "1/2-1/2"]
[WhiteElo "2003"]
[BlackElo "2231"]
[PlyCount "75"]
[EventDate "2020.08.17"]
[EventType "swiss"]
[EventRounds "9"]
[EventCountry "ESP"]
[SourceTitle "CBM 197 Extra"]
[Source "ChessBase"]
[SourceDate "2020.09.30"]
[SourceVersion "1"]
[SourceVersionDate "2020.09.30"]
[SourceQuality "1"]

1. c4 g6 2. g3 Bg7 3. Bg2 d6 4. d4 Nf6 5. Nc3 0-0 6. e3 Nc6 7. Nge2 e5 8. 0-0 Re8 9. h3 Bf5 10. e4 Bd7 11. d5 Nd4 12. Qd3 c5 13. dxc6 bxc6 14. Nxd4 exd4 15. Ne2 c5 16. Bg5 Qc8 17. Bxf6 Bxf6 18. Kh2 Bc6 19. Nf4 Qb7 20. b3 Bxe4 21. Bxe4 Qxe4 22. Qd1 Bg7 23. Nd5 Rad8 24. Qd2 Qf3 25. Rae1 Re5 26. Qf4 Qxf4 27. gxf4 Rxe1 28. Rxe1 Kf8 29. Re7 a5 30. Kg3 Bh6 31. Kf3 Re8 32. Rxe8+ Kxe8 33. Nf6+ Ke7 34. Ng8+ Kf8 35. Nf6 Ke7 36. Ng8+ Kf8 37. Nf6 Ke7 38. Ng8+ 1/2-1/2

[Event "La Mancha-ch"]
[Site "Valverde de Jucar"]
[Date "2017.07.08"]
[Round "5.4"]
[White "Picazo Lopez, Juan Antonio"]
[Black "Lagunas Gualda, Guillermo"]
[Result "1/2-1/2"]
[WhiteElo "2202"]
[BlackElo "1685"]
[PlyCount "57"]
[EventDate "2017.07.06"]
[EventType "swiss"]
[EventRounds "6"]
[EventCountry "ESP"]
[SourceTitle "EXT 2024"]
[Source "ChessBase"]
[SourceDate "2023.10.10"]
[SourceVersion "1"]
[SourceVersionDate "2023.10.10"]
[SourceQuality "1"]

1. d4 Nf6 2. c4 g6 3. Nc3 Bg7 4. e4 d6 5. Be2 0-0 6. Bg5 c5 7. dxc5 dxc5 8. Nf3 Qxd1+ 9. Rxd1 Nc6 10. 0-0 Bg4 11. Rfe1 h6 12. Be3 b6 13. Kf1 Rad8 14. h3 Bxf3 15. Bxf3 Nd7 16. Be2 Nd4 17. Rd2 Nxe2 18. Nxe2 Ne5 19. b3 Rxd2 20. Bxd2 Rd8 21. Be3 Nc6 22. Nc1 Bc3 23. Bxh6 Bxe1 24. Kxe1 Nb4 25. Bd2 Nc2+ 26. Ke2 Nd4+ 27. Ke3 Nc2+ 28. Ke2 Nd4+ 29. Ke3 1/2-1/2

[Event "La Mancha-ch"]
[Site "Valverde de Jucar"]
[Date "2017.07.06"]
[Round "1.8"]
[White "Garcia Roman, Jose Luis Machado"]
[Black "Lagunas Gualda, Guillermo"]
[Result "1/2-1/2"]
[WhiteElo "2016"]
[BlackElo "1685"]
[PlyCount "128"]
[EventDate "2017.07.06"]
[EventType "swiss"]
[EventRounds "6"]
[EventCountry "ESP"]
[SourceTitle "EXT 2024"]
[Source "ChessBase"]
[SourceDate "2023.10.10"]
[SourceVersion "1"]
[SourceVersionDate "2023.10.10"]
[SourceQuality "1"]

1. c4 g6 2. Nc3 Bg7 3. d4 d6 4. Nf3 Nf6 5. g3 0-0 6. Bg2 Nbd7 7. 0-0 e5 8. dxe5 Nxe5 9. Nxe5 dxe5 10. Qb3 c6 11. Rd1 Qc7 12. Bg5 Be6 13. Qa4 h6 14. Be3 Nd7 15. c5 f5 16. Rd6 Rfe8 17. Rad1 Bf8 18. f4 Bxd6 19. cxd6 Qd8 20. fxe5 Nxe5 21. Kh1 b5 22. Qf4 Ng4 23. Bc5 g5 24. Qd4 Bd7 25. e4 Rc8 26. exf5 Ne3 27. Nd5 cxd5 28. Bxd5+ Nxd5 29. Qxd5+ Kf8 30. Kg1 Rxc5 31. Qxc5 Qb6 32. b4 Rc8 33. Qxb6 axb6 34. g4 Rc4 35. h3 Rxb4 36. Kf2 Rb2+ 37. Ke3 Rxa2 38. Kd4 Ra4+ 39. Ke5 Kf7 40. Rc1 Rc4 41. Ra1 Rc5+ 42. Kd4 Bc6 43. Ra7+ Ke8 44. Re7+ Kd8 45. Re6 Rd5+ 46. Kc3 Kd7 47. Rxh6 Rxd6 48. Rh7+ Ke8 49. h4 gxh4 50. Rxh4 Rf6 51. Kd4 Rf8 52. Ke5 Bd7 53. Rh6 Rg8 54. Kf4 Kd8 55. Rxb6 Kc7 56. Rh6 b4 57. g5 b3 58. Rh2 Rb8 59. Rb2 Rf8 60. f6 Be6 61. Ke5 Bf7 62. g6 Re8+ 63. Kf5 Be6+ 64. Kg5 Bd5 1/2-1/2

[Event "ESP-ch U14"]
[Site "Granada"]
[Date "2016.07.16"]
[Round "9"]
[White "Lechuga Cabrero, Luis Miguel"]
[Black "Lagunas Gualda, Guillermo"]
[Result "1-0"]
[WhiteElo "1870"]
[BlackElo "1717"]
[PlyCount "30"]
[EventDate "2016.07.11"]
[EventType "swiss"]
[EventRounds "9"]
[EventCountry "ESP"]
[SourceTitle "EXT 2024"]
[Source "ChessBase"]
[SourceDate "2023.10.10"]
[SourceVersion "1"]
[SourceVersionDate "2023.10.10"]
[SourceQuality "1"]

1. e4 d6 2. d4 g6 3. Nc3 Bg7 4. Be3 a6 5. a4 Nd7 6. Nb1 e6 7. Bc1 h6 8. Ne2 b5 9. axb5 Bb7 10. Nf4 f5 11. exf5 exf5 12. d5 Kf7 13. Ne6 Ne7 14. f4 Qc8 15. Nf8 Ke8 1-0

[Event "ESP-chT Regional U14"]
[Site "Padron"]
[Date "2016.06.23"]
[Round "2.61"]
[White "Lagunas Gualda, Guillermo"]
[Black "Ortin Blanco, Inigo"]
[Result "1/2-1/2"]
[WhiteElo "1717"]
[BlackElo "2053"]
[PlyCount "56"]
[EventDate "2016.06.23"]
[EventType "team-swiss"]
[EventRounds "6"]
[EventCountry "ESP"]
[SourceTitle "EXT 2017"]
[Source "ChessBase"]
[SourceDate "2016.10.25"]
[SourceVersion "1"]
[SourceVersionDate "2016.10.25"]
[SourceQuality "1"]
[WhiteTeam "Castilla La Mancha"]
[BlackTeam "Navarra"]
[WhiteTeamCountry "ESP"]
[BlackTeamCountry "ESP"]

1. c4 e5 2. g3 Nf6 3. Bg2 c6 4. Nc3 Bb4 5. e3 0-0 6. Nge2 Re8 7. 0-0 Na6 8. a3 Bxc3 9. Nxc3 d5 10. cxd5 cxd5 11. d4 e4 12. h3 h6 13. Bd2 Nc7 14. Rc1 Ne6 15. Kh2 Ng5 16. Nb5 Nxh3 17. Rxc8 Qxc8 18. Bxh3 Qc6 19. Nc3 a6 20. Qb3 Red8 21. Rc1 Qd6 22. Na4 Nh7 23. Ba5 Re8 24. Bc7 Qf6 25. Kg1 Ng5 26. Bg2 Qf5 27. Qxb7 Nf3+ 28. Kf1 Qh5 1/2-1/2